| 000 | 01012nac a22002411u 4500 | ||
|---|---|---|---|
| 020 | _a995304072 : | ||
| 082 |
_a658.404 _bROB |
||
| 090 |
_c8987 _d8987 |
||
| 100 | _aRoberts, Alexander | ||
| 245 |
_aProject management : _cAlexander Roberts and William Wallace |
||
| 250 | _a3rd ed. | ||
| 260 |
_aLebanon : _bArab International Education,2004. _cc2004. |
||
| 300 |
_aix, Various p.; _bill.; _c24 cm. |
||
| 500 | _aEdinburgh Business School Heriot- Watt University. | ||
| 500 | _aIncludes index. | ||
| 500 | _aDistributed by: Dar Fathy Taha Mohamed Desoukey | ||
| 511 | _aCatalogued by: Sara | ||
| 650 | _aProject management. | ||
| 700 | _aWallace, William | ||
| 942 |
_cBB _k658.404 ROB |
||
| 999 |
_c8987 _d8987 |
||